[Event "Pila"]
[Site "Pila"]
[Date "1992.??.??"]
[Round "3"]
[White "Polgar, Sofia"]
[Black "Lanc, Alois"]
[Result "1/2-1/2"]
[WhiteElo "2415"]
[BlackElo "2470"]
[PlyCount "139"]
[EventDate "1992.??.??"]
[Source "www.chesslib.no"]
[SourceDate "2004.05.04"]

1. e4 e5 2. Nf3 Nc6 3. Bb5 a6 4. Ba4 d6 5. O-O Nge7 6. c3 Bd7 7. d4 Ng6 8. d5 Nb8 9. Bxd7+ Nxd7 10. c4 Be7 11. g3 O-O 12. Qc2 c5 13. dxc6 bxc6 14. Rd1 h6 15. Nc3 Qc8 16. Ne1 Nc5 17. Be3 Ne6 18. a3 Rb8 19. Rab1 Rd8 20. b4 Bg5 21. Rd3 Bxe3 22. fxe3 Qc7 23. Rbd1 Ne7 24. Qd2 a5 25. Nc2 Re8 26. Kg2 axb4 27. axb4 Nc8 28. Na3 Qd7 29. Rb1 Ng5 30. Kh1 Qg4 31. Qg2 f5 32. exf5 e4 33. Rdd1 Qxf5 34. Nc2 Qe6 35. Qe2 Ne7 36. b5 Qe5 37. Na2 Rf8 38. Nab4 c5 39. Na6 Rb7 40. Rf1 Nf3 41. Ne1 Nxe1 42. Rxf8+ Kxf8 43. Qxe1 Kg8 44. Qd2 Kh7 45. Rd1 Qf6 46. Kg1 Qg5 47. Qf2 Qg6 48. Qf4 Nc8 49. Qf8 Qe6 50. Rf1 Nb6 51. Nc7 Rxc7 52. Qb8 Rf7 53. Rxf7 Qxf7 54. Qxb6 Qf3 55. Qxd6 Qxe3+ 56. Kf1 Qc1+ 57. Kf2 Qxc4 58. b6 Qc3 59. b7 Qb2+ 60. Ke3 Qb3+ 61. Kf4 Qf7+ 62. Ke5 Qxb7 63. Qxc5 Qb2+ 64. Kxe4 Qg2+ 65. Kf4 g5+ 66. Kf5 Qf3+ 67. Ke5 Kg6 68. Qc2+ Kh5 69. Qf5 Qc3+ 70. Ke6 1/2-1/2

[Event "Ano Liosia op"]
[Site "Athens"]
[Date "1998.01.06"]
[Round "4"]
[White "Velickovic, Sasa"]
[Black "Nikolaidis, Ioannis"]
[Result "1/2-1/2"]
[WhiteElo "2395"]
[BlackElo "2490"]
[PlyCount "97"]
[EventDate "1998.01.03"]
[Source "ChessBase"]
[SourceDate "1998.03.09"]

1. e4 e5 2. Nf3 Nc6 3. Bb5 a6 4. Ba4 d6 5. c3 Bd7 6. O-O Nge7 7. d4 Ng6 8. Re1 Be7 9. Nbd2 h6 10. Nf1 Bg5 11. Ne3 Bxe3 12. Bxe3 Qf6 13. h3 Nf4 14. Bxf4 Qxf4 15. Qc1 Qf6 16. Qe3 O-O 17. Rad1 Rfd8 18. Bb3 b6 19. Nh2 Na5 20. Bc2 Qg5 21. Qxg5 hxg5 22. dxe5 dxe5 23. Nf3 f6 24. b4 Nb7 25. Bb3+ Kf8 26. h4 gxh4 27. Nxh4 g5 28. Nf3 Ke7 29. Nd2 Nd6 30. f3 Be6 31. Kf2 Nb5 32. Bxe6 Kxe6 33. Nb1 Rxd1 34. Rxd1 a5 35. c4 Nd6 36. c5 Nb5 37. a4 Nd4 38. b5 bxc5 39. Na3 g4 40. fxg4 Rg8 41. Nc4 Rxg4 42. Re1 Rf4+ 43. Kg1 f5 44. exf5+ Rxf5 45. Kh2 Rh5+ 46. Kg3 Rg5+ 47. Kh3 Kd5 48. Ne3+ Ke6 49. Nc4 1/2-1/2

[Event "ch"]
[Site "chess.net INT"]
[Date "1994.??.??"]
[Round "?"]
[White "Apicella, Manuel"]
[Black "Anic, Darko"]
[Result "1/2-1/2"]
[WhiteElo "2435"]
[BlackElo "2450"]
[PlyCount "90"]
[EventDate "1994.??.??"]
[Source "www.chesslib.no"]
[SourceDate "2004.05.04"]

1. e4 e5 2. Nf3 Nc6 3. Bb5 a6 4. Ba4 d6 5. c3 Bd7 6. O-O Nge7 7. d4 Ng6 8. Be3 Be7 9. Nbd2 h6 10. d5 Nb8 11. Bxd7+ Nxd7 12. a4 Bg5 13. Nxg5 hxg5 14. Qg4 Nf4 15. Bxf4 gxf4 16. a5 Nf6 17. Qe2 Qd7 18. c4 g5 19. Rfc1 g4 20. g3 Qe7 21. b4 f3 22. Qd3 Nh5 23. c5 Kf8 24. cxd6 cxd6 25. Nxf3 gxf3 26. Qxf3 Qd7 27. Rc3 Rc8 28. Rac1 Rxc3 29. Qxc3 Kg7 30. f4 Qe7 31. Qf3 exf4 32. gxf4 Qf6 33. Qg4+ Qg6 34. Qxg6+ Kxg6 35. f5+ Kg7 36. Rc7 Re8 37. Rxb7 Rxe4 38. Rb6 Nf6 39. Rxa6 Rxb4 40. Rxd6 Ra4 41. a6 Ra5 42. h4 Nxd5 43. h5 Ne3 44. f6+ Kh6 45. Rd7 Rxa6 1/2-1/2

[Event "GMA-Open"]
[Site "Belgrade SCG"]
[Date "1988.??.??"]
[Round "?"]
[White "Arnason, Jon L"]
[Black "Lazic, Miroljub"]
[Result "1/2-1/2"]
[WhiteElo "2510"]
[BlackElo "2375"]
[PlyCount "117"]
[EventDate "1988.12.??"]
[Source "www.chesslib.no"]
[SourceDate "2004.05.04"]

1. e4 e5 2. Nf3 Nc6 3. Bb5 Nge7 4. c3 a6 5. Ba4 d6 6. d4 Bd7 7. Bb3 h6 8. Nbd2 Ng6 9. Nc4 Be7 10. Ne3 O-O 11. g3 Re8 12. d5 Nb8 13. h4 a5 14. Nh2 Na6 15. Qh5 Nc5 16. Bc2 Bf8 17. Nf5 Ne7 18. c4 b5 19. Ng4 Nxf5 20. exf5 e4 21. O-O Qc8 22. Ne3 Re5 23. f4 exf3 24. Qxf3 f6 25. Bd2 bxc4 26. Nxc4 Re8 27. Nxa5 Qa6 28. b4 Na4 29. Rfe1 Rxe1+ 30. Rxe1 Nb6 31. Bb3 Ba4 32. Bxa4 Nxa4 33. Rc1 Qb5 34. Kh2 Re8 35. Kh3 Re2 36. Nc4 Re8 37. a3 Nb6 38. Nxb6 cxb6 39. Rc7 Re5 40. Rb7 Rxd5 41. Rxb6 Qc4 42. Be1 Rd3 43. Qc6 Qf4 44. Qd5+ Rxd5 45. gxf4 Rd3+ 46. Kg4 Rxa3 47. b5 d5 48. Rb8 Rb3 49. Bf2 Kf7 50. b6 Bd6 51. Rb7+ Ke8 52. Rxg7 Rb2 53. Kf3 Rb3+ 54. Ke2 Rb2+ 55. Kf3 Rb3+ 56. Kg2 Rb2 57. Kg3 Rb3+ 58. Kg2 Rb2 59. Kf3 1/2-1/2

[Event "URS-chTJ"]
[Site "Kramatorsk"]
[Date "1989.??.??"]
[Round "?"]
[White "Akopian, Vladimir E"]
[Black "Safin, Shukhrat"]
[Result "1-0"]
[WhiteElo "2520"]
[BlackElo "2365"]
[PlyCount "90"]
[EventDate "1989.??.??"]
[Source "www.chesslib.no"]
[SourceDate "2004.05.04"]

1. e4 e5 2. Nf3 Nc6 3. Bb5 a6 4. Ba4 d6 5. O-O Nge7 6. c3 Bd7 7. d4 Ng6 8. Re1 Be7 9. Nbd2 h6 10. Nf1 Bg5 11. Ne3 Bxe3 12. Bxe3 O-O 13. Bc2 Qe7 14. Qe2 Nd8 15. d5 f6 16. Nd2 Nf7 17. Nf1 Nh4 18. Qh5 g5 19. g3 f5 20. exf5 Bxf5 21. Rac1 Bxc2 22. Rxc2 Nf5 23. Qf3 Ng7 24. Nd2 Qd7 25. Qe4 b6 26. c4 a5 27. h4 Qh3 28. Rc3 gxh4 29. g4 h5 30. gxh5 Qf5 31. Qxh4 Qxh5 32. Qxh5 Nxh5 33. Ne4 Kg7 34. Bd2 Rh8 35. Kf1 Kf8 36. Rf3 Ke7 37. Ng5 Nxg5 38. Bxg5+ Ke8 39. Re4 Rf8 40. Rh3 Nf6 41. Reh4 Kd7 42. Rf3 Nxd5 43. Rh7+ Kc6 44. cxd5+ Kxd5 45. Rxf8 Rxf8 1-0

[Event "Czerniak mem 14th"]
[Site "Tel Aviv"]
[Date "1998.04.16"]
[Round "7"]
[White "Gofshtein, Leonid D"]
[Black "Elbilia, Jacques"]
[Result "1-0"]
[WhiteElo "2520"]
[BlackElo "2360"]
[PlyCount "68"]
[EventDate "1998.04.09"]
[Source "ChessBase"]
[SourceDate "1998.08.06"]

1. e4 e5 2. Nf3 Nc6 3. Bb5 a6 4. Ba4 d6 5. O-O Bd7 6. c3 Nge7 7. d4 Ng6 8. d5 Nb8 9. c4 Be7 10. Nc3 h6 11. Bxd7+ Qxd7 12. Be3 O-O 13. b4 f5 14. Rc1 fxe4 15. Nd2 a5 16. a3 axb4 17. axb4 Qf5 18. Ndxe4 Nd7 19. Ng3 Qf7 20. Nb5 Rfc8 21. Ra1 Bd8 22. Ne4 Nf6 23. Nxf6+ Qxf6 24. Qg4 Ne7 25. Rad1 Qf5 26. Qe2 Ra4 27. f4 Rxb4 28. fxe5 Qxe5 29. Qf3 Rxc4 30. Bd4 Rxd4 31. Nxd4 Kh7 32. Ne6 Ng6 33. Rde1 Qb2 34. Qf5 Ra8 1-0

[Event "URS-FL56"]
[Site "Klaipeda"]
[Date "1988.??.??"]
[Round "?"]
[White "Aseev, Konstantin N"]
[Black "Lukin, Andrei M"]
[Result "1-0"]
[WhiteElo "2445"]
[BlackElo "2430"]
[PlyCount "137"]
[EventDate "1988.11.??"]
[Source "ChessBase"]

1. e4 e5 2. Nf3 Nc6 3. Bb5 a6 4. Ba4 d6 5. O-O Bd7 6. c3 Nge7 7. d4 Ng6 8. Be3 Be7 9. Nbd2 O-O 10. Re1 Kh8 11. Bc2 Qc8 12. d5 Nb8 13. b4 f5 14. exf5 Bxf5 15. c4 Nd7 16. Bxf5 Rxf5 17. Ne4 Qe8 18. g3 a5 19. bxa5 Rxa5 20. Nfd2 Rf8 21. c5 Nxc5 22. Nxc5 dxc5 23. Nb3 Ra3 24. Bxc5 Bxc5 25. Nxc5 Qf7 26. Re2 Rd8 27. Rd2 b6 28. Ne6 Rd7 29. Qg4 Ra8 30. Rc1 Re8 31. Ng5 Qe7 32. Nxh7 Kxh7 33. Qh5+ Kg8 34. Qxg6 e4 35. Re2 Qf7 36. Qxf7+ Kxf7 37. Rc6 Ree7 38. Rec2 Ke8 39. Rd2 e3 40. fxe3 Rxe3 41. Kf2 Re5 42. d6 Rxd6 43. Rdxd6 cxd6 44. Rxd6 Rh5 45. Kg2 Ra5 46. Rd2 Kf7 47. Kf3 Ra4 48. Ke3 Ke6 49. Kd3 Kd5 50. Kc3+ Kc5 51. Kb3 Rb4+ 52. Kc2 Ra4 53. Kb3 Rb4+ 54. Ka3 Re4 55. Rc2+ Kb5 56. Kb3 g5 57. Kc3 g4 58. Kd3 Ra4 59. Ke3 Ka5 60. Kf2 Kb4 61. Kg2 Ra8 62. h3 gxh3+ 63. Kxh3 Rh8+ 64. Kg4 b5 65. Kf5 Rf8+ 66. Ke6 Rg8 67. Rg2 Ka3 68. g4 b4 69. Kf7 1-0

[Event "Bauang"]
[Site "Bauang"]
[Date "1973.??.??"]
[Round "6"]
[White "Ardiansyah, Haji"]
[Black "Ivkov, Borislav"]
[Result "0-1"]
[WhiteElo "2350"]
[BlackElo "2520"]
[PlyCount "80"]
[EventDate "1973.??.??"]
[Source "www.chesslib.no"]
[SourceDate "2004.05.04"]

1. e4 e5 2. Nf3 Nc6 3. Bb5 a6 4. Ba4 d6 5. c3 Bd7 6. O-O Nge7 7. d4 Ng6 8. Be3 Be7 9. Nbd2 h6 10. Bb3 Bg5 11. a4 Qf6 12. Re1 Nce7 13. Bc4 Nf4 14. Qb3 O-O-O 15. Bf1 Bg4 16. c4 Nh3+ 17. gxh3 Bxf3 18. Nxf3 Qxf3 19. Bg2 Qf6 20. f4 Bxf4 21. Bxf4 Qxf4 22. Rf1 Qg5 23. Rxf7 Nc6 24. d5 Nd4 25. Qd3 Rdf8 26. Raf1 Rxf7 27. Rxf7 Qg6 28. Rf2 Qe8 29. Qf1 Kb8 30. a5 Qa4 31. c5 Qxa5 32. cxd6 cxd6 33. h4 Rc8 34. h3 Qc5 35. Kh2 Qc1 36. Qd3 Rc2 37. Rf8+ Ka7 38. Qg3 Rxb2 39. Qxg7 Ne2 40. Rf1 Qe3 0-1